00322nam a2200121Ia 4500008004000000041000800040082001100048100003800059245003900097260004000136300001600176440000800192210210b1899 xxu||||| |||| 00| 0 eng d aeng a040/54 aGARNETT (Richard) and Others. Ed. aUniversal anthology. Vol.5 and 6. aNew YorkbThe Grolier Societyc1899 axxxviii,404 a5,6